000 01534nam a22001697a 4500
003 OSt
005 20250619121511.0
008 230518s2000 |||||||| |||| 00| f eng d
020 _a0385259956
040 _aCO-JMCR
_bspa
_cCO-JMCR
041 _aeng
082 _aA-N
_bADAm
100 1 _aAdams Richards, David
_eautor
_942736
245 _aMercy among the children /
_cDavid Adams Richards
520 _aAt the age of twelve, Sydney Henderson pushes his friend Connie Devlin from the church roof. Looking down on Connie's motionless body, Sydney believes he is dead. Let Connie live and I will never harm another soul, Sydney vows to God. At that moment, Connie stand up, wipes his bloody nose, and with a laugh, walks away. In the years that follow, the self-educated, brilliant and now almost pathologically gentle Sydney holds true to his promise. Yet others in the small rural community regard Sydney's pacifism as an opportunity to exploit and torment the vulnerable Hendersons. Raised on the books his father has long collected, Sydney's eldest son Lyle shares a deep respect for the power of words. But forced to witness the persecution of those he loves, Lyle turns his back on God and literature and adopts a more aggressive strategy for the protection of his family. An exploration of how humanity faces inhumanity, how lies and disappointments cannot and will never destroy truth and human greatness, Mercy Among the Children is a novel set in a particular time and place, yet universal in its message.
942 _2ddc
_cBK
999 _c30030
_d16414